书目信息 |
| 题名: |
中药学考试题解
|
|
| 作者: | 徐树楠 , 张博翔 编 ;张一昕 副主编 | |
| 分册: | ||
| 出版信息: | 北京 人民军医出版社 2005.10 |
|
| 页数: | 243页 | |
| 开本: | 26cm | |
| 丛书名: | 中医题库丛书 | |
| 单 册: | ||
| 中图分类: | R28-44 | |
| 科图分类: | ||
| 主题词: | 中药学--zhong yao xue--中医学院--解题 | |
| 电子资源: | ||
| ISBN: | 7-80194-693-6 | |
| 000 | 01036nam2 2200277 450 | |
| 001 | 0100000298 | |
| 005 | 20060623084556.67 | |
| 010 | @a7-80194-693-6@dCNY26.00 | |
| 100 | @a20060613d2005 em y0chiy50 ea | |
| 101 | @achi | |
| 102 | @aCN@b110000 | |
| 105 | @ay q 000yy | |
| 200 | 1 | @a中药学考试题解@Azhong yao xue kao shi ti jie@f徐树楠,张博翔编@Fxu shu nan,zhang bo xiang bian |
| 210 | @a北京@c人民军医出版社@d2005.10 | |
| 215 | @a243页@d26cm | |
| 225 | 2 | @a中医题库丛书@Azhong yi ti ku cong shu |
| 330 | @a本书以全国中医药院校规划教材和教学大纲为基础,由从事一线中医教学工作,并具有丰富教学和命题经验的著名专家教授编写而成。分为总论和各论两部分,共二十八章。 | |
| 333 | @a本书适于中医药院校研究、本科生及成教学生阅读参考。 | |
| 461 | 0 | @12001 @a中医题库丛书 |
| 606 | 0 | @a中药学@Azhong yao xue@x中医学院@j解题 |
| 690 | @aR28-44@v4 | |
| 701 | 0 | @a徐树楠@Axu shu nan@4编 |
| 701 | 0 | @a张博翔@Azhang bo xiang@4编 |
| 702 | 0 | @a张一昕@Azhang yi xin@4副主编 |
| 801 | @aCN@bYXSD@c20060623 | |
| 905 | @aBZT@dR28-44@e1@f10 | |
| 中药学考试题解/徐树楠,张博翔编.-北京:人民军医出版社,2005.10 |
| 243页;26cm.-(中医题库丛书) |
| 使用对象:本书适于中医药院校研究、本科生及成教学生阅读参考。 |
| ISBN 7-80194-693-6:CNY26.00 |
| 本书以全国中医药院校规划教材和教学大纲为基础,由从事一线中医教学工作,并具有丰富教学和命题经验的著名专家教授编写而成。分为总论和各论两部分,共二十八章。 |
| ● |
| 相关链接 |
|
|
|
正题名:中药学考试题解
索取号:R28-44/1
 
预约/预借
| 序号 | 登录号 | 条形码 | 馆藏地/架位号 | 状态 | 备注 |
| 1 | 0449131 | 230006912 | 样本书库/样004架A面2层3列/ [索取号:R28-44/1] | 在馆 | |
| 2 | 0449132 | 230006911 | 中心书库中库/ 中库004架B面7列6层20/ [索取号:R28-44/1] | 在馆 | |
| 3 | 0449133 | 230006914 | 中心书库中库/ 中库004架B面7列3层26/ [索取号:R28-44/1] | 在馆 | |
| 4 | 0449134 | 230006913 | 中心书库中库/ 中库003架B面4列3层2/ [索取号:R28-44/1] | 在馆 | |
| 5 | 0449135 | 230006916 | 中心书库中库/ 中库004架B面7列6层17/ [索取号:R28-44/1] | 在馆 | |
| 6 | 0449136 | 230006915 | 中心书库中库/ 中库004架B面7列6层19/ [索取号:R28-44/1] | 在馆 | |
| 7 | 0449137 | 230006918 | 中心书库中库/ 中库004架B面7列6层21/ [索取号:R28-44/1] | 在馆 | |
| 8 | 0449138 | 230006917 | 中心书库中库/ 中库004架B面7列6层22/ [索取号:R28-44/1] | 在馆 | |
| 9 | 0449139 | 230006920 | 中心书库中库/ 中库004架B面7列6层18/ [索取号:R28-44/1] | 在馆 | |
| 10 | 0449140 | 230006919 | 中心书库中库/ 中库004架B面7列6层23/ [索取号:R28-44/1] | 在馆 |